| 000 | 00841nam a2200193 i 4500 | ||
|---|---|---|---|
| 001 | 123615 | ||
| 003 | ES-MaACL | ||
| 005 | 20250907063105.0 | ||
| 007 | t| | ||
| 008 | 070214s1912 sp r ||||1| spa d | ||
| 100 | 1 |
_aRahola y Trémols, Federico, _d1858-1919 _995016 |
|
| 245 | 1 | 4 |
_aLos diputados por Cataluña en las Cortes de Cadiz _b: memoria leída en la Real Academia de Buenas Letras de Barcelona, el día 23 de diciembre de 1911 / _cpor el académico de número Federico Rahola y Trèmols. |
| 260 |
_aBarcelona : _b[s. n.], _c1912 ( _fImprenta de la Casa Provincial de Caridad) |
||
| 300 |
_a62 p. ; _c29 cm. |
||
| 610 | 1 | 4 |
_aEspaña. _bCortes de Cádiz _93663 |
| 710 | 2 |
_aReial Acadèmia de Bones Lletres de Barcelona. _9176228 |
|
| 852 |
_aES-MaACL _jT-1322-F-8 _z.- Ded. manuscrita del autor |
||
| 999 |
_c123615 _d123615 |
||